Sayyid Ahmad Barailvi: His Movement and Legacy from the Pukhtun Perspective (Record no. 20749)

MARC details
000 -LEADER
fixed length control field 00393nam a22001337a 4500
020 ## - INTERNATIONAL STANDARD BOOK NUMBER
ISBN 978-93-515-0072-8
082 ## - DEWEY DECIMAL CLASSIFICATION NUMBER
Classification number 322.10954 QAD
100 ## - MAIN ENTRY--AUTHOR NAME
Author name Qadir, Altaf
245 ## - TITLE STATEMENT
Title Sayyid Ahmad Barailvi: His Movement and Legacy from the Pukhtun Perspective
260 ## - PUBLICATION, DISTRIBUTION, ETC. (IMPRINT)
Place of publication New Delhi
Name of publisher Sage Publications
Year of publication 2015
300 ## - PHYSICAL DESCRIPTION
Number of Pages 224
650 ## - SUBJECT ADDED ENTRY--TOPICAL TERM
Topical Term Sayyid Ahmed Shaheed
-- Islamic Renewal-Pakistan
942 ## - ADDED ENTRY ELEMENTS (KOHA)
Koha item type Books
Holdings
Home library Current library Shelving location Date acquired Source of acquisition Cost, normal purchase price Full call number Accession Number Koha item type
Henry Martyn Institute Library Henry Martyn Institute Library General stacks 11/03/2017 Kohinoor 950.00 322.10954 QAD 25397 Books
                   Copyright © 2026 | Henry Martyn Institute | Hyderabad | TS-500052 | INDIA | Implemented by hmi.edu.in
Hit-Count:

Powered by Koha